Claustro Pleno Ordinario 2001. Presentaciones de participantes

में बचाया:
ग्रंथसूची विवरण
निगमित लेखकों: Universidad Católica de Valparaíso (लेखक), Asociación Gremial de Académicos (लेखक), Comisión de Superación de la Pobreza (लेखक)
स्वरूप: पुस्तक
भाषा:स्पेनिश
प्रकाशित: Valparaíso Universidad Católica de Valparaíso 2001
संस्करण:1a. ed
विषय:
टैग: टैग जोड़ें
कोई टैग नहीं, इस रिकॉर्ड को टैग करने वाले पहले व्यक्ति बनें!

MARC

LEADER 00000nam a2200000 a 4500
001 UCJ8196
003 CL-VaPUC
008 070124e20010000CL |||||||||||||||||spa|d
082 0 4 |a 378  |b UNI  |2 21 
110 2 |a Universidad Católica de Valparaíso  |e author  |9 516911 
710 2 |a Asociación Gremial de Académicos  |e author  |9 516912 
710 2 |a Comisión de Superación de la Pobreza  |e author  |9 516913 
245 1 0 |a Claustro Pleno Ordinario 2001. Presentaciones de participantes 
250 |a 1a. ed 
300 |a pág. irreg 
942 |c BK 
945 |d 20070124 00:00:00  |a rinostro 
260 |a Valparaíso  |b Universidad Católica de Valparaíso  |c 2001 
650 0 |a Universidades chilenas  |9 407335 
650 0 |a Archivo histórico PUCV  |9 255554 
650 7 |a DOCUMENTOS  |2 CL-VaPUC  |9 366450 
583 |a last modification  |c 20070124 00:00:00  |k Rodrigo Vera 
999 |c 323985  |d 323983 
952 |0 0  |1 0  |4 0  |6 378_000000000000000_UNI_2001  |7 0  |8 X  |9 403863  |a FDOBUD  |b FDOBUD  |d 2019-11-22  |i 1074326  |o 378 UNI 2001  |p 1074326  |r 2019-11-22  |w 2019-11-22  |y BK_X  |k FHP